000 00299nam a22001337a 4500
008 170601b xxu||||| |||| 00| 0 eng d
020 _a9780072968880
041 _aeng
080 _a94
100 _a17
101 _aSHH
245 _aINTRUDUCTION SOCIAL POLICY
_cHUTTMAN.E.D
942 _2udc
_cBK
999 _c15434
_d15434